000
00268nam a22001097a 4500
082
_a
355.02-F DRA'S
100
_a
SDRAPER, THEODORE
_9
67987
245
_a
THE SIX WEEKS WAR FRANCE MAY 10-JUNE 25 1940
260
_a
LONDON
_b
METHUEN
_c
1946
300
_a
322P
942
_c
BK
999
_c
575658
_d
575658